Familia y personalidad

Guardat en:
Dades bibliogràfiques
Autor principal: Rolla, Edgardo H (Autor)
Format: Llibre
Idioma:espanyol
Publicat: Buenos Aires Paidós 1976
Col·lecció:Biblioteca de psicología profunda, 51
Matèries:
Etiquetes: Afegir etiqueta
Sense etiquetes, Sigues el primer a etiquetar aquest registre!

MARC

LEADER 00000nam a2200000 a 4500
001 UCY6481
003 CL-VaPUC
008 950526e19760000AG |||||||||||||||||spa|d
082 0 4 |a 306.85  |b ROL  |2 21 
100 0 |a Rolla, Edgardo H  |e author  |9 336423 
245 1 0 |a Familia y personalidad 
300 |a 221 p 
942 |c BK 
945 |d 19950526 00:00:00  |a cmena 
260 |a Buenos Aires  |b Paidós  |c 1976 
650 0 |a Psicología   |9 257863 
650 0 |a Personalidad   |9 307255 
650 0 |a Familias   |9 255641 
650 0 |a Identidad   |9 336178 
650 0 |a Influencia social  |9 309315 
650 0 |a Integración social  |9 319662 
650 7 |a INFLUENCIA FAMILIAR  |2 CL-VaPUC  |9 335148 
650 0 |a Psicología clínica  |9 307259 
583 |a last modification  |c 19950526 00:00:00  |k Rodrigo Vera 
490 0 |a Biblioteca de psicología profunda, 51 
999 |c 234046  |d 234044 
952 |0 0  |1 0  |4 0  |6 306_850000000000000_ROL_1976  |7 0  |8 P  |9 239989  |a BIBEDU  |b BIBEDU  |c BIBEDU_PB  |d 2019-11-18  |i 1507931  |o 306.85 ROL 1976  |p 1507931  |r 2024-01-25  |w 2019-11-18  |y BK  |k EDU 
952 |0 0  |1 0  |4 0  |6 306_850000000000000_ROL_1976  |7 0  |8 P  |9 239990  |a BIBEDU  |b BIBEDU  |c BIBEDU_PB  |d 2019-11-18  |i 150794K  |o 306.85 ROL 1976  |p 150794K  |r 2024-01-25  |w 2019-11-18  |y BK  |k EDU